| 000 | 00896 a2200181 4500 | ||
|---|---|---|---|
| 020 | _a0324205457 (hardcover) | ||
| 020 | _a9780324205459 (hardcover) | ||
| 082 | 0 | 4 | _a650.03 |
| 090 |
_c4468 _d4468 |
||
| 100 | 1 | _aShim, Jae K. | |
| 245 | 1 | 0 |
_aDictionary of business terms / _cJae K. Shim. |
| 250 | _a1st ed. | ||
| 260 |
_a[S.l.] : _bSouth-Western Educational Pub, _c2006. |
||
| 300 |
_a448 p. ; _c23 cm. |
||
| 520 | _aThis volume is a general business dictionary covering every functional aspect of an organization, including nearly 3,200 business terms. All terms include definition, a description in context, and examples. For some of the more complex topics, an analysis is provided. Some terms include URLs to web pages that further illustrate or clarify the term. | ||
| 856 | 4 | 0 |
_3Amazon.com _uhttp://www.amazon.com/exec/obidos/ASIN/0324205457/chopaconline-20 |
| 942 |
_aNBS _cBK _k650.03 JAE |
||
| 999 |
_c346911 _d346911 |
||